1253 1289 1450 1327 1539 1407 1335 1749 1459 1382 1938 1974 1183 1442 1664 1034 1701 1217 1470 1693 1311 1500 1645 1278 1384 1612 1948 1928 1543 1157 1704 1123 1516 1555 1885 1994 1348 1843 1742 1097 1782 1448 1295 1860 1744 1044 1209 1853 1508 1711 1656 1590 1198 1997 1554 1065 1804 1063 1889 1937 1941 1080 1148 1875 1341 1050 1289 1001 1072 1426 1092 1962 1005 1994 1949 1527 1910 1037 1541 1715 1497 1881 1405 1272 1880 1103 1191 1867 1090 1091 1790 1928 1226 1759 1877 1651 1238 1159 1412 BCNSPRNW ULIB Ver.6.0+V

เปลี่ยนเป็นภาษาไทย

Change to English
 แสดงรายละเอียดบรรณานุกรม
  กลับหน้าหลัก

Brief Record : Get Marc (ISO 2709) : E-mail record : QR code < ปิดหน้าต่าง
LEADER : 00000nas 2200000uu 4500
001    13399124760
003     ULIB
008    160309s||||||||th 000 0 tha d
022    ^a19061773
110    ^aสถาบันพระบรมราชชนก
245    ^aวารสารการพยาบาลและการศึกษา(วิทยาเขตนครสวรรค์)/^cสถาบันพระบรมราชชนก
260    ^aนนทบุรี :^bสถาบันพระบรมราชชนก,^cม.ป.ป.
310    ^aรายสามเดือน
850 ^a ULIB:campus^bปีที่ 8 ฉบับที่ 4 ฉ.1
945    ^p0^l0^i801592
999    ^aทศพร เกษรทอง
รายการนี้ยังไม่มีแท็ก
คุณยังไม่ได้ล็อกอิน คุณสามารถมีกิจกรรมร่วมกับเว็บไซต์ได้ แต่ต้องล็อกอินก่อน ::
  ล็อกอิน

รายการสื่อสารสนเทศ (วารสาร)

ดูแบบ: กล่อง รายการ
ARRIVED
ปีที่ 8 ฉบับที่ 4 ฉ.1
สถานที่: ห้องสมุดวิทยาเขตนครสวรรค์ >วารสาร

BibComment


ยังไม่เคยถูกคอมเมนท์

คอมเมนท์ทรัพยากรรายการนี้
  คอมเมนท์: วารสารการพยาบาลแ..


 Copyright 2026. Bcnsprnw @Library